Život podle Ducha : esej o duchovní teologii podle svatého Pavla a svatého Tomáše Akvinského /

Main Author: Pinckaers, Servais, 1925-2008
Other Authors: Hodinová, Tereza
Language: Czech
Published: Praha : Krystal OP, 2024
Edition: První vydání
Subjects:
Physical Description: 270 stran ; 21 cm
Book
Saved in:
LEADER 03713nam a2200973 i 4500
001 nkc20243631726
003 CZ PrNK
005 20250217191733.0
007 ta
008 240913s2024 xr e 000 edcze
015 |a cnb003631726 
020 |a 978-80-7575-188-1  |q (brožováno) 
035 |a (OCoLC)1505965039 
040 |a ABA001  |b cze  |d OLA001  |e rda 
041 1 |a cze  |h fre 
043 |a e-it--- 
045 |a e-q7 
072 7 |a 27-5  |x Liturgie. Křesťanské umění a symbolika. Duchovní život  |2 Konspekt  |9 5 
080 |a 27-312.55  |2 MRF 
080 |a 27-1-051  |2 MRF 
080 |a 27-36  |2 MRF 
080 |a 27-144.896  |2 MRF 
080 |a 27-423.79  |2 MRF 
080 |a 27-58  |2 MRF 
080 |a 27-42  |2 MRF 
080 |a 27-4  |2 MRF 
080 |a 27-584  |2 MRF 
080 |a 27-1  |2 MRF 
080 |a 27-58-1  |2 MRF 
080 |a 2-474-256-277  |2 MRF 
080 |a 2-231  |2 MRF 
080 |a (450)  |2 MRF 
080 |a (0:82-4)  |2 MRF 
100 1 |a Pinckaers, Servais,  |d 1925-2008  |7 xx0014020  |4 aut 
240 1 0 |a Vie selon l'Esprit.  |l Česky 
245 1 0 |a Život podle Ducha :  |b esej o duchovní teologii podle svatého Pavla a svatého Tomáše Akvinského /  |c Servais Pinckaers ; z francouzštiny přeložila Tereza Hodinová 
250 |a První vydání 
264 1 |a Praha :  |b Krystal OP,  |c 2024 
300 |a 270 stran ;  |c 21 cm 
336 |a text  |b txt  |2 rdacontent 
337 |a bez média  |b n  |2 rdamedia 
338 |a svazek  |b nc  |2 rdacarrier 
504 |a Obsahuje bibliografii a bibliografické odkazy 
600 0 7 |a Pavel,  |c svatý,  |d asi 10-asi 67  |7 jn99240000845  |2 czenas 
600 0 7 |a Tomáš Akvinský,  |c svatý,  |d 1225-1274  |7 jn19981002237  |2 czenas 
648 7 |a 1.-13. století  |7 ch1033235  |2 czenas 
648 7 |a 13. století  |7 ch460551  |2 czenas 
648 7 |a 1. století  |7 ch460539  |2 czenas 
650 0 7 |a apoštolové  |7 ph118552  |y 1. století  |2 czenas 
650 0 7 |a křesťanští teologové  |7 ph122148  |z Itálie  |y 13. století  |2 czenas 
650 0 7 |a křesťanští světci  |7 ph115082  |y 1.-13. století  |2 czenas 
650 0 7 |a Duch svatý  |7 ph117519  |2 czenas 
650 0 7 |a křesťanská víra  |7 ph122113  |2 czenas 
650 0 7 |a křesťanská spiritualita  |7 ph138493  |2 czenas 
650 0 7 |a křesťanská spiritualita  |7 ph138493  |x dějiny  |2 czenas 
650 0 7 |a křesťanská morálka  |7 ph115061  |2 czenas 
650 0 7 |a křesťanský život  |7 ph122132  |2 czenas 
650 0 7 |a duchovní život  |7 ph114375  |2 czenas 
650 0 7 |a křesťanská teologie  |7 ph115064  |y 1.-13. století  |2 czenas 
650 0 7 |a spirituální teologie  |7 ph203887  |y 1.-13. století  |2 czenas 
650 0 7 |a biblická interpretace  |7 ph118847  |2 czenas 
650 0 7 |a biblické citáty  |7 ph118853  |2 czenas 
650 0 9 |a apostles  |y 1st century  |2 eczenas 
650 0 9 |a Christian theologians  |z Italy  |y 13th century  |2 eczenas 
650 0 9 |a Christian saints  |y 1st-13th centuries  |2 eczenas 
650 0 9 |a Holy Spirit  |2 eczenas 
650 0 9 |a Christian faith  |2 eczenas 
650 0 9 |a Christian spirituality  |2 eczenas 
650 0 9 |a Christian spirituality  |x history  |2 eczenas 
650 0 9 |a Christian morality  |2 eczenas 
650 0 9 |a Christian life  |2 eczenas 
650 0 9 |a spiritual life  |2 eczenas 
650 0 9 |a Christian theology  |y 1st-13th centuries  |2 eczenas 
650 0 9 |a spiritual theology  |y 1st-13th centuries  |2 eczenas 
650 0 9 |a Biblical interpretation  |2 eczenas 
650 0 9 |a Biblical quotations  |2 eczenas 
655 7 |a eseje  |7 fd132213  |2 czenas 
655 9 |a essays  |2 eczenas 
700 1 |a Hodinová, Tereza  |7 pna2017953349  |4 trl 
910 2 |a BOA001  |b 2-1537.342 
990 |a BK 
995 |a 01 
991 |b 202501  |c NOV 
996 6 |b 2610991140  |c 2-1537.342  |l MZK  |r Sklad / do 1 hodiny  |n 1  |p p.v.  |w 001989627  |u 000010  |a 1  |e BOA001  |j MZK50  |s P